International human rights norms and their incorporation <the> protection of aliens in Europe

Gespeichert in:
Bibliographische Detailangaben
1. Verfasser: Guiraudon, Virginie
Format: Buch
Sprache:Englisch
Veröffentlicht: San Domenico (FI) European University Institute 1998
Schriftenreihe:EUI Working Paper EUF No. 98/4
Schlagworte:
Tags: Tag hinzufügen
Keine Tags, Fügen Sie das erste Tag hinzu!

MARC

LEADER 00000nam a2200000 4500
001 c131925
005 20221109093741.8
041 0 |a eng 
044 |a IT 
245 1 0 |a International human rights norms and their incorporation  |b <the> protection of aliens in Europe  |c Virginie Guiraudon 
264 1 |a San Domenico (FI)  |b European University Institute  |c 1998 
300 |a 50 s. 
490 1 |a EUI Working Paper EUF  |v No. 98/4 
830 0 |a EUI Working Paper EUF  |v No. 98/4 
610 2 0 |a práva ľudské 
610 2 0 |a právo medzinárodné 
610 2 0 |a normy právne 
610 2 0 |a ochrana osobnosti 
610 2 0 |a cudzinci 
100 1 |a Guiraudon, Virginie